00326nam a2200121 a 45000010005000000030005000050050017000100080041000270400020000681000029000882450067001172600020001841082CDMR20130116135200.0130130s1973||||||||||||||||||||||||||||d aCDMRbcatcCDMR1 aArmengol Cervera, Manuel13aEl semanario "La Voz de Badalona"...cManuel Armenggol Cervera aBarcelonac1973